[Event "Online Olym Top DivC 2020"]
[Site "chess.com INT"]
[Date "2020.08.22"]
[Round "4.3"]
[Board "6"]
[White "Sargsyan, Anna M."]
[Black "Cvitan, Ena"]
[Result "1-0"]
[WhiteTitle "WGM"]
[BlackTitle "FM"]
[WhiteElo "2402"]
[BlackElo "2242"]
[WhiteTeam "Armenia"]
[BlackTeam "Croatia"]
[WhiteFideId "13308130"]
[BlackFideId "14534215"]
[EventDate "2020.08.21"]
[EventType "team"]

1. d4 d5 2. c4 e6 3. Nf3 Nf6 4. Nc3 dxc4 5. e4 Bb4 6. Bg5 h6 7. Bxf6 Qxf6 8.
Bxc4 c5 9. O-O cxd4 10. e5 Qd8 11. Ne4 O-O 12. Qe2 Be7 13. Rad1 Qc7 14. Bd3 Rd8
15. Ng3 Nd7 16. Qe4 Nf8 17. Nh5 g6 18. Nf6+ Bxf6 19. exf6 Bd7 20. Qh4 Nh7 21.
Qxh6 Nxf6 22. Bxg6 Bb5 23. Bd3 Bxd3 24. Rxd3 Nh7 25. Nxd4 Qe5 26. Rg3+ Kh8 27.
Nf3 Qf6 28. Ng5 Qg6 29. Qxg6 fxg6 30. Nf7+ Kg7 31. Nxd8 Rxd8 32. Rc3 Ng5 33.
Rc7+ Kf6 34. Rxb7 Rd2 35. Rxa7 Rxb2 36. a4 Ne4 37. a5 Ra2 38. a6 Nc5 39. Rc1
Nxa6 40. h4 Ra4 41. g3 Nc5 42. Rxa4 Nxa4 43. Kg2 Nb6 44. g4 Nd5 45. Kg3 Ne7 46.
f4 Nd5 47. Ra1 Ne7 48. g5+ Kf5 49. Ra5+ Nd5 50. Kf3 1-0

[Event "Online Olym Top DivC 2020"]
[Site "chess.com INT"]
[Date "2020.08.22"]
[Round "4.4"]
[Board "2"]
[White "Artemiev, Vladislav"]
[Black "Achour, Mohamed Anis"]
[Result "1-0"]
[WhiteTitle "GM"]
[WhiteElo "2716"]
[BlackElo "2006"]
[WhiteTeam "Russia"]
[BlackTeam "Algeria"]
[WhiteFideId "24101605"]
[BlackFideId "7904649"]
[EventDate "2020.08.21"]
[EventType "team"]

1. c4 e6 2. Nc3 d5 3. d4 Be7 4. Nf3 Nf6 5. Bg5 h6 6. Bh4 O-O 7. e3 b6 8. Bd3 Bb7
9. O-O Ne4 10. Bg3 Nd7 11. Qe2 Nxg3 12. hxg3 Nf6 13. Rfd1 dxc4 14. Bxc4 Ne4 15.
Rac1 Bd6 16. Nxe4 Bxe4 17. Bb5 Qe7 18. Bc6 Bxc6 19. Rxc6 a5 20. Qc2 Ra7 21. Qc3
Re8 22. g4 Bb4 23. Qc2 Bd6 24. g3 e5 25. dxe5 Bxe5 26. Rd5 Bf6 27. Nd2 Rd8 28.
Rxd8+ Qxd8 29. Ne4 Be7 30. Nc3 Bc5 31. Nb5 Ra8 32. Rxc7 Qd5 33. Nc3 Qd6 34. Qe4
Rd8 35. Rb7 Qd2 36. Qf3 Rf8 37. Qe2 Qc1+ 38. Kg2 Rd8 39. Qf3 Rf8 40. Ne4 Qc4 41.
b3 Qc2 42. g5 hxg5 43. Nxg5 Qg6 44. Qd5 Qf6 45. Rd7 g6 46. a4 Kg7 47. Ne6+ Kg8
48. Nxf8 Kxf8 49. g4 Be7 50. g5 Qc3 51. Qa8+ 1-0

[Event "Online Olym Top DivC 2020"]
[Site "chess.com INT"]
[Date "2020.08.22"]
[Round "4.4"]
[Board "4"]
[White "Gunina, Valentina"]
[Black "Abdelaziz, Tinhinane"]
[Result "1-0"]
[WhiteTitle "GM"]
[WhiteElo "2431"]
[BlackElo "1416"]
[WhiteTeam "Russia"]
[BlackTeam "Algeria"]
[WhiteFideId "4167570"]
[BlackFideId "7912170"]
[EventDate "2020.08.21"]
[EventType "team"]

1. d4 Nf6 2. c4 g6 3. Nc3 Bg7 4. e4 d6 5. Nf3 O-O 6. Be2 e5 7. O-O Nc6 8. Be3 a6
9. d5 Ne7 10. Nd2 Nd7 11. b4 f5 12. f3 f4 13. Bf2 Nf6 14. c5 g5 15. Nc4 h5 16.
cxd6 cxd6 17. Bb6 Qd7 18. Bf2 Qd8 19. Rc1 g4 20. Nb6 Rb8 21. Nxc8 Qxc8 22. Nb5
Qd7 23. Nc7 Rbc8 24. Ne6 Rxc1 25. Qxc1 Rc8 26. Qd1 gxf3 27. Bxf3 Qe8 28. Bh4 Qg6
29. Kh1 Kh7 30. Rg1 Rg8 31. Qe2 Qf7 32. Ng5+ 1-0

[Event "Online Olym Top DivC 2020"]
[Site "chess.com INT"]
[Date "2020.08.22"]
[Round "4.4"]
[Board "5"]
[White "Djabri, Massinas"]
[Black "Sarana, Alexey"]
[Result "0-1"]
[WhiteTitle "FM"]
[BlackTitle "GM"]
[WhiteElo "2161"]
[BlackElo "2654"]
[WhiteTeam "Algeria"]
[BlackTeam "Russia"]
[WhiteFideId "7905726"]
[BlackFideId "24133795"]
[EventDate "2020.08.21"]
[EventType "team"]

1. d4 Nf6 2. c4 e6 3. Nf3 d5 4. Nc3 Nbd7 5. Bg5 c6 6. e3 Qa5 7. Nd2 dxc4 8. Bxf6
Nxf6 9. Nxc4 Qc7 10. Bd3 Be7 11. O-O O-O 12. Rc1 Rd8 13. Qf3 h6 14. Ne5 Bd7 15.
Ne4 Be8 16. Nxf6+ Bxf6 17. Ng4 Bg5 18. Qe4 g6 19. f4 Be7 20. Nxh6+ Kg7 21. f5
Kxh6 22. fxg6 fxg6 23. Qxe6 Qd6 24. Qe4 Bd7 25. Rf7 Re8 26. Rc5 Bg5 27. Rxd7
Rxe4 28. Rxd6 Bxe3+ 29. Kh1 Rg4 30. g3 Bxd4 31. Rc4 c5 32. Kg2 Re8 33. Kh3 Rg5
34. Rc2 Re3 35. Rd2 b6 36. b3 Be5 37. Rd5 a5 38. a4 Rh5+ 39. Kg2 Rg5 40. Re2 Bd4
41. Rxg5 Rxd3 42. Re3 Rxe3 43. Rd5 Rxb3 0-1

[Event "Online Olym Top DivC 2020"]
[Site "chess.com INT"]
[Date "2020.08.22"]
[Round "4.4"]
[Board "6"]
[White "Potapova, Margarita"]
[Black "Djerroud, Chahrazed"]
[Result "1-0"]
[WhiteTitle "WIM"]
[WhiteElo "2270"]
[BlackElo "1496"]
[WhiteTeam "Russia"]
[BlackTeam "Algeria"]
[WhiteFideId "14126869"]
[BlackFideId "7910762"]
[EventDate "2020.08.21"]
[EventType "team"]

1. d4 d5 2. c4 c6 3. Nf3 Nf6 4. g3 Bf5 5. Nc3 e6 6. Nh4 Bg6 7. Nxg6 hxg6 8. Qd3
Nbd7 9. Bg2 Nb6 10. cxd5 cxd5 11. O-O Be7 12. b3 O-O 13. Bf4 Rc8 14. Rac1 Ba3
15. Rc2 Nh5 16. Bd2 a6 17. Bc1 Bd6 18. Bb2 Qe7 19. Rfc1 Rc7 20. a4 Bb4 21. Na2
Rxc2 22. Rxc2 Ba3 23. Bc3 Bd6 24. Ba5 Nd7 25. e3 b6 26. Bd2 Nb8 27. Bf1 Nf6 28.
Be1 e5 29. dxe5 Qxe5 30. Bc3 Qe4 31. Bd4 Qxd3 32. Bxd3 Nfd7 33. Nc3 Nc5 34. Bxc5
Bxc5 35. Nxd5 Rd8 36. e4 Nc6 37. Bxa6 Nd4 38. Rb2 Ba3 39. Rb1 Kh7 40. Bc4 Nf3+
41. Kg2 Nd2 42. Rd1 Nxc4 43. bxc4 Rd6 44. Rd3 Bc5 45. f4 Re6 46. Kf3 Re8 47. e5
Ra8 48. Nc3 Kh6 49. h4 Kh5 50. g4+ Kh6 51. Rd7 f6 52. exf6 Rg8 53. g5+ Kh7 54.
Ne4 Bb4 55. fxg7 Ba3 56. Nf6# 1-0

[Event "Online Olym Top DivC 2020"]
[Site "chess.com INT"]
[Date "2020.08.22"]
[Round "4.5"]
[Board "1"]
[White "Tissir, Mohamed"]
[Black "Jones, Gawain C B"]
[Result "0-1"]
[WhiteTitle "IM"]
[BlackTitle "GM"]
[WhiteElo "2379"]
[BlackElo "2670"]
[WhiteTeam "Morocco"]
[BlackTeam "England"]
[WhiteFideId "9000240"]
[BlackFideId "409561"]
[EventDate "2020.08.21"]
[EventType "team"]

1. e4 c5 2. Nc3 Nc6 3. Bb5 Nd4 4. Bc4 e6 5. Nge2 Nf6 6. O-O a6 7. d3 b5 8. Bb3
Nc6 9. a4 b4 10. Nb1 Be7 11. Ng3 h5 12. h3 h4 13. Ne2 d5 14. exd5 Nxd5 15. Nf4
Qd6 16. Nxd5 exd5 17. Re1 Be6 18. c4 dxc4 19. Bxc4 Bxc4 20. dxc4 Qxd1 21. Rxd1
Nd4 22. Nd2 O-O-O 23. Kf1 Nb3 24. Rb1 Bg5 25. Nxb3 Rxd1+ 26. Ke2 Rg1 27. Ra1
Re8+ 28. Kf3 Ree1 29. Bxg5 Rxa1 30. Nxc5 Rab1 31. b3 Rgd1 32. Bxh4 Rxb3+ 33. Ke2
Rbb1 34. Nxa6 b3 35. Nc5 b2 36. Nd3 Rxd3 0-1

[Event "Online Olym Top DivC 2020"]
[Site "chess.com INT"]
[Date "2020.08.22"]
[Round "4.5"]
[Board "2"]
[White "Howell, David W L"]
[Black "Zrikem, Nassim"]
[Result "0-1"]
[WhiteTitle "GM"]
[BlackTitle "FM"]
[WhiteElo "2663"]
[BlackElo "1942"]
[WhiteTeam "England"]
[BlackTeam "Morocco"]
[WhiteFideId "410608"]
[BlackFideId "9002693"]
[EventDate "2020.08.21"]
[EventType "team"]

1. e4 e5 2. Nf3 Nc6 3. Bc4 Nf6 4. d3 Be7 5. O-O O-O 6. a4 d5 7. exd5 Nxd5 8. a5
Bg4 9. h3 Bh5 10. c3 a6 11. Re1 Qd6 12. Nbd2 f5 13. Ne4 fxe4 14. dxe4 Bxf3 15.
gxf3 Kh8 16. Bxd5 Qg6+ 17. Kh2 Qh5 18. f4 Qh4 19. Qf3 exf4 20. e5 Bc5 21. Re2
Rae8 22. Bxc6 bxc6 23. Ra4 g5 24. Rc4 h5 25. Rxc5 g4 26. Qh1 g3+ 27. Kg1 f3 28.
Rd2 Qe4 29. fxg3 f2+ 30. Rxf2 Qe1+ 0-1

[Event "Online Olym Top DivC 2020"]
[Site "chess.com INT"]
[Date "2020.08.22"]
[Round "4.5"]
[Board "3"]
[White "Alaoui Belghiti, Chaimaa"]
[Black "Toma, Katarzyna"]
[Result "0-1"]
[WhiteTitle "WFM"]
[BlackTitle "WGM"]
[WhiteElo "1703"]
[BlackElo "2289"]
[WhiteTeam "Morocco"]
[BlackTeam "England"]
[WhiteFideId "9002375"]
[BlackFideId "1119907"]
[EventDate "2020.08.21"]
[EventType "team"]

1. c4 Nf6 2. Nc3 d5 3. cxd5 Nxd5 4. g3 g6 5. Bg2 Nb6 6. Nf3 Bg7 7. O-O Nc6 8. d3
O-O 9. a3 Re8 10. Bg5 h6 11. Be3 e5 12. Qc1 Nd4 13. Qd1 c6 14. Rb1 Bg4 15. Nd2
Nd5 16. Bxd4 exd4 17. Nxd5 Bxe2 18. Qb3 Bxf1 19. Rxf1 cxd5 20. Bxd5 Qe7 21. Ne4
Rad8 22. Rc1 b6 23. Rc6 Kf8 24. Kg2 Rd7 25. Rc1 Red8 26. Bc6 Rc7 0-1

[Event "Online Olym Top DivC 2020"]
[Site "chess.com INT"]
[Date "2020.08.22"]
[Round "4.5"]
[Board "4"]
[White "Ciuksyte, Dagne"]
[Black "Mayar ElIdrissi, Firdaous"]
[Result "1-0"]
[WhiteTitle "IM"]
[WhiteElo "2294"]
[BlackElo "1760"]
[WhiteTeam "England"]
[BlackTeam "Morocco"]
[WhiteFideId "12800619"]
[BlackFideId "9001727"]
[EventDate "2020.08.21"]
[EventType "team"]

1. e4 c6 2. d4 d5 3. Nd2 dxe4 4. Nxe4 Bf5 5. Ng3 Bg6 6. Bc4 e6 7. N1e2 Nf6 8.
Nf4 Bd6 9. c3 Nbd7 10. h4 Qe7 11. h5 Be4 12. O-O Bd5 13. Bd3 b5 14. b3 Nb6 15.
a4 Qc7 16. Nfe2 e5 17. Bg5 bxa4 18. c4 Be6 19. c5 Bxb3 20. Qc1 exd4 21. cxd6
Qxd6 22. Nf5 Qe5 23. Re1 O-O 24. Nexd4 Qa5 25. Bxf6 gxf6 26. Qh6 1-0

[Event "Online Olym Top DivC 2020"]
[Site "chess.com INT"]
[Date "2020.08.22"]
[Round "4.5"]
[Board "5"]
[White "Hadj Kholti, Yasser"]
[Black "Willow, Jonah B"]
[Result "1/2-1/2"]
[BlackTitle "FM"]
[WhiteElo "1871"]
[BlackElo "2386"]
[WhiteTeam "Morocco"]
[BlackTeam "England"]
[WhiteFideId "9003258"]
[BlackFideId "438804"]
[EventDate "2020.08.21"]
[EventType "team"]

1. e4 e5 2. Nf3 Nc6 3. c3 Nf6 4. d4 exd4 5. e5 Nd5 6. Qb3 Nb6 7. cxd4 d6 8. Bb5
Be6 9. Qc2 Qd7 10. O-O a6 11. Bxc6 bxc6 12. Nc3 Be7 13. exd6 cxd6 14. Ng5 Bxg5
15. Bxg5 O-O 16. Rfe1 Rfe8 17. b3 a5 18. Rac1 a4 19. Nxa4 Nxa4 20. bxa4 Bd5 21.
h3 Qa7 22. Rxe8+ Rxe8 23. Be3 h6 24. Rd1 Qa6 25. Bf4 Re2 26. Qd3 Bc4 27. Qa3
Rxa2 28. Qxd6 Qxa4 29. Re1 Qc2 30. Be3 Bd5 31. Qg3 Kh7 32. Qg4 Be6 33. Qf3 Bd5
34. Qd1 Qg6 35. Qg4 Qf6 36. Qf4 Qg6 37. Qg4 Qc2 38. Qd1 Qe4 39. Qg4 Qc2 40. Qd1 1/2-1/2

[Event "Online Olym Top DivC 2020"]
[Site "chess.com INT"]
[Date "2020.08.22"]
[Round "4.5"]
[Board "6"]
[White "Jaufarally, Nadia"]
[Black "Makhlouf, Ahlam"]
[Result "1-0"]
[BlackTitle "WFM"]
[WhiteElo "1905"]
[BlackElo "1419"]
[WhiteTeam "England"]
[BlackTeam "Morocco"]
[WhiteFideId "443727"]
[BlackFideId "9003380"]
[EventDate "2020.08.21"]
[EventType "team"]

1. e4 c5 2. Nf3 e6 3. d4 cxd4 4. Nxd4 Nc6 5. Nc3 Nf6 6. Nxc6 bxc6 7. Bd3 Be7 8.
e5 Nd5 9. Qg4 g6 10. Bd2 O-O 11. h4 d6 12. h5 f5 13. exf6 Nxf6 14. Qg3 g5 15.
Qxg5+ Kf7 16. Bg6+ Kg8 17. Bd3+ Kf7 18. Bxh7 Nxh7 19. Qg6# 1-0

[Event "Online Olym Top DivC 2020"]
[Site "chess.com INT"]
[Date "2020.08.22"]
[Round "5.1"]
[Board "1"]
[White "Adams, Michael"]
[Black "Amin, Bassem"]
[Result "1-0"]
[WhiteTitle "GM"]
[BlackTitle "GM"]
[WhiteElo "2706"]
[BlackElo "2686"]
[WhiteTeam "England"]
[BlackTeam "Egypt"]
[WhiteFideId "400041"]
[BlackFideId "10601457"]
[EventDate "2020.08.21"]
[EventType "team"]

1. e4 e5 2. Nf3 Nc6 3. Bb5 a6 4. Ba4 Nf6 5. O-O Be7 6. Re1 b5 7. Bb3 d6 8. a4
Bg4 9. c3 O-O 10. h3 Bh5 11. d3 Na5 12. Ba2 b4 13. Nbd2 Rb8 14. d4 bxc3 15. bxc3
exd4 16. cxd4 c5 17. Qe2 cxd4 18. Qxa6 Nd7 19. Rb1 Rxb1 20. Bxb1 Nc5 21. Qb5 Qc7
22. Nxd4 Rb8 23. Qf1 Nxa4 24. Bc2 Bf6 25. Bxa4 Bxd4 26. Ba3 Nb7 27. Nb3 Ba7 28.
Rc1 Qe7 29. Bc6 Bg6 30. Bd5 Nc5 31. Na5 Re8 32. Nc6 Qd7 33. Nxa7 Qxa7 34. Bxc5
dxc5 35. Qc4 h6 36. f4 Rc8 37. f5 Bh7 38. Rb1 Rc7 39. Qc3 c4+ 40. Kh1 Kh8 41.
Ra1 Qc5 42. Ra5 Qf2 43. Ra8+ Bg8 44. Qe5 Ra7 45. Rxa7 Qxa7 46. Bxc4 Qa4 47. Bd5
Qd1+ 48. Kh2 Qd2 49. f6 Qg5 50. Qxg5 hxg5 51. e5 gxf6 52. exf6 Kh7 53. Be4+ Kh6
54. Kg3 Bh7 55. Kf3 Bg6 56. g4 Kh7 57. Ke3 Kh6 58. Kd4 Kh7 59. Ke5 Kh6 60. Bf5
Kh7 61. Kd6 Kh6 62. Ke7 Kh7 63. Kf8 Kh6 64. Kg8 Bxf5 65. gxf5 Kh5 66. Kxf7 1-0

[Event "Online Olym Top DivC 2020"]
[Site "chess.com INT"]
[Date "2020.08.22"]
[Round "5.1"]
[Board "2"]
[White "Adly, Ahmed"]
[Black "Howell, David W L"]
[Result "1/2-1/2"]
[WhiteTitle "GM"]
[BlackTitle "GM"]
[WhiteElo "2615"]
[BlackElo "2663"]
[WhiteTeam "Egypt"]
[BlackTeam "England"]
[WhiteFideId "10601619"]
[BlackFideId "410608"]
[EventDate "2020.08.21"]
[EventType "team"]

1. Nf3 Nf6 2. d4 g6 3. c4 Bg7 4. g3 d5 5. cxd5 Nxd5 6. Bg2 Nb6 7. Nc3 Nc6 8. e3
e5 9. d5 Ne7 10. e4 c6 11. d6 Ng8 12. b3 f6 13. O-O Nh6 14. Ba3 Nf7 15. Qc2 Bg4
16. Rfd1 Qd7 17. Rd3 O-O 18. Nd2 Be6 19. Rd1 Rad8 20. Na4 Nxa4 21. bxa4 b6 22.
a5 Rb8 23. Bf1 Rfd8 24. axb6 axb6 25. Nc4 Bf8 26. Rb1 Bxc4 27. Qxc4 Kg7 28. Qc2
Bxd6 29. Bxd6 Nxd6 30. Rbd1 Qc7 31. Bh3 c5 32. Rd5 Qc6 33. Qd3 Nf7 34. Bd7 Qc7
35. Qc4 Ra8 1/2-1/2

[Event "Online Olym Top DivC 2020"]
[Site "chess.com INT"]
[Date "2020.08.22"]
[Round "5.1"]
[Board "3"]
[White "Hunt, Harriet V"]
[Black "Mona, Khaled"]
[Result "0-1"]
[WhiteTitle "IM"]
[BlackTitle "WGM"]
[WhiteElo "2414"]
[BlackElo "2127"]
[WhiteTeam "England"]
[BlackTeam "Egypt"]
[WhiteFideId "403512"]
[BlackFideId "10605908"]
[EventDate "2020.08.21"]
[EventType "team"]

1. e4 e5 2. Nf3 Nc6 3. Bb5 Nge7 4. c3 d6 5. d4 Bd7 6. O-O Ng6 7. Re1 Be7 8. a4
O-O 9. h3 Nh4 10. Nbd2 Ng6 11. Nf1 a6 12. Bc4 Qc8 13. Ng3 Nd8 14. a5 Ne6 15. Nf5
Bf6 16. Nh2 Nef4 17. Bd3 d5 18. Bxf4 Nxf4 19. Ng4 Bd8 20. Nxe5 dxe4 21. Nxd7
Nxd3 22. Qg4 g6 23. Rxe4 h5 24. Nh6+ Kg7 25. Nf5+ Kh8 26. Qe2 Qxd7 27. Ng3 Qb5
28. Rd1 Nxb2 29. Rb1 Qxe2 30. Nxe2 Nc4 31. Rxb7 Nxa5 32. Rb1 Nc4 33. Rd1 a5 34.
g4 hxg4 35. hxg4 a4 36. Nc1 a3 37. Na2 Kg7 38. d5 Nd6 39. Rb4 Bf6 40. c4 Rh8 41.
c5 Ne8 42. Rb7 Rh4 43. f3 Be5 44. Rd2 Nf6 45. d6 cxd6 46. cxd6 Rah8 47. d7 Rh1+
48. Kf2 Bf4 49. Ke2 R1h2+ 0-1

[Event "Online Olym Top DivC 2020"]
[Site "chess.com INT"]
[Date "2020.08.22"]
[Round "5.1"]
[Board "4"]
[White "Moaataz, Ayah"]
[Black "Toma, Katarzyna"]
[Result "0-1"]
[WhiteTitle "WIM"]
[BlackTitle "WGM"]
[WhiteElo "2028"]
[BlackElo "2289"]
[WhiteTeam "Egypt"]
[BlackTeam "England"]
[WhiteFideId "10615873"]
[BlackFideId "1119907"]
[EventDate "2020.08.21"]
[EventType "team"]

1. c4 Nf6 2. g3 g6 3. Bg2 d5 4. cxd5 Nxd5 5. Nf3 Bg7 6. O-O Nb6 7. Nc3 Nc6 8. a3
O-O 9. d3 Re8 10. Be3 e5 11. Rc1 Nd4 12. Ne4 c6 13. Nc5 Qe7 14. Re1 Bg4 15. h3
Bf5 16. Nh4 Be6 17. Nxe6 Qxe6 18. Nf3 h6 19. Nd2 Rad8 20. b4 Nd5 21. Ne4 Nxe3
22. fxe3 Nf5 23. Qd2 h5 24. Ng5 Qe7 25. e4 Nd4 26. Nf3 Nb3 27. Qa2 Nxc1 28. Rxc1
Bh6 29. Rf1 Be3+ 30. Kh2 Rd7 31. Nh4 Kg7 32. Bf3 Bg5 33. Ng2 h4 34. gxh4 Bxh4
35. Bg4 Rc7 36. Ne3 Bg5 37. Ng2 Rh8 38. Qb2 a6 39. e3 Qd6 40. Qc2 c5 41. bxc5
Rxc5 42. Qf2 Rc7 43. Kg1 Qxd3 44. Qg3 Bd8 45. Qxe5+ f6 46. Qe6 Qc4 47. Qd5 Re8
48. Nf4 Qxd5 49. exd5 Rc3 50. Ne6+ Kf7 51. Rb1 b5 52. a4 Bb6 53. axb5 Bxe3+ 54.
Kg2 a5 55. b6 Rb8 56. b7 a4 57. Nc7 Rb3 58. Be6+ Kf8 59. Rf1 R3xb7 60. Rxf6+ Ke7
61. Rf7+ Kd6 62. Rd7+ Ke5 63. d6 a3 64. Kf3 Bc5 65. Na6 Rf8+ 66. Kg4 Bxd6 67.
Rxb7 Kxe6 68. Ra7 Rf4+ 69. Kg5 Rf3 70. Nc7+ Bxc7 71. Rxc7 Rg3+ 72. Kf4 Rxh3 73.
Ra7 Kd5 74. Kg4 Re3 75. Kf4 Rb3 76. Kg5 Kc4 77. Kxg6 Kc3 78. Kf5 Kb2 79. Ke4 a2 0-1

[Event "Online Olym Top DivC 2020"]
[Site "chess.com INT"]
[Date "2020.08.22"]
[Round "5.1"]
[Board "5"]
[White "Wadsworth, Matthew J"]
[Black "Fawzy, Adham"]
[Result "1/2-1/2"]
[WhiteTitle "IM"]
[BlackTitle "GM"]
[WhiteElo "2416"]
[BlackElo "2467"]
[WhiteTeam "England"]
[BlackTeam "Egypt"]
[WhiteFideId "415804"]
[BlackFideId "10613129"]
[EventDate "2020.08.21"]
[EventType "team"]

1. c4 c5 2. g3 Nc6 3. Bg2 g6 4. Nc3 Bg7 5. Nf3 e5 6. O-O Nge7 7. a3 O-O 8. Rb1
a5 9. Ne1 d6 10. Nc2 Be6 11. Ne3 f5 12. d3 Kh8 13. Ned5 Rb8 14. Bg5 h6 15. Bxe7
Nxe7 16. Nxe7 Qxe7 17. b4 axb4 18. axb4 cxb4 19. Nd5 Bxd5 20. Bxd5 b5 21. Rxb4
bxc4 22. Rxc4 Rb2 23. Rc2 Rfb8 24. Qd2 Rxc2 25. Qxc2 h5 26. Rc1 h4 27. Kg2 Kh7
28. Qc7 Qxc7 29. Rxc7 Rb2 30. Bf3 hxg3 31. hxg3 d5 32. Bxd5 Rxe2 33. Bf7 Bf6 34.
d4 exd4 35. Bc4+ Re7 36. Rxe7+ Bxe7 37. f4 1/2-1/2

[Event "Online Olym Top DivC 2020"]
[Site "chess.com INT"]
[Date "2020.08.22"]
[Round "5.1"]
[Board "6"]
[White "Allam, Yara"]
[Black "Kalaiyalahan, Akshaya"]
[Result "1/2-1/2"]
[WhiteTitle "WCM"]
[BlackTitle "FM"]
[WhiteElo "1752"]
[BlackElo "2149"]
[WhiteTeam "Egypt"]
[BlackTeam "England"]
[WhiteFideId "10615709"]
[BlackFideId "422894"]
[EventDate "2020.08.21"]
[EventType "team"]

1. e4 c5 2. Nf3 Nc6 3. d4 cxd4 4. Nxd4 g6 5. Nc3 Bg7 6. Be3 Nf6 7. Nxc6 bxc6 8.
e5 Ng8 9. f4 Nh6 10. Qd2 O-O 11. h3 d6 12. O-O-O Nf5 13. Bf2 Qa5 14. g4 Nh6 15.
Be3 f6 16. exd6 exd6 17. Qxd6 Ba6 18. Bxa6 Qxa6 19. Bc5 Nf7 20. Qc7 Rfc8 21. Qe7
Re8 22. Qd7 Qa5 23. Qd4 f5 24. Qc4 Bxc3 25. bxc3 Re4 26. Rd4 Rae8 27. Rhd1 Qc7
28. gxf5 Qxf4+ 29. Kb2 Qxf5 30. Rf1 Rxd4 31. cxd4 Qd7 32. Ka1 Rb8 1/2-1/2

[Event "Online Olym Top DivC 2020"]
[Site "chess.com INT"]
[Date "2020.08.22"]
[Round "5.2"]
[Board "1"]
[White "Grischuk, Alexander"]
[Black "Tissir, Mohamed"]
[Result "1-0"]
[WhiteTitle "GM"]
[BlackTitle "IM"]
[WhiteElo "2777"]
[BlackElo "2379"]
[WhiteTeam "Russia"]
[BlackTeam "Morocco"]
[WhiteFideId "4126025"]
[BlackFideId "9000240"]
[EventDate "2020.08.21"]
[EventType "team"]

1. d4 Nf6 2. c4 g6 3. g3 Bg7 4. Bg2 O-O 5. Nc3 d6 6. Nf3 a6 7. O-O Nc6 8. d5 Na5
9. b3 c5 10. dxc6 Nxc6 11. Bg5 Bd7 12. Rc1 Rb8 13. Nd5 Ne4 14. Be3 b5 15. Nd4
Nxd4 16. Bxd4 Bxd4 17. Qxd4 Nc5 18. b4 Ne6 19. Qh4 Re8 20. c5 dxc5 21. bxc5 Rc8
22. Qb4 a5 23. Qa3 Nd4 24. Qb2 e5 25. Nb6 Rxc5 26. Nxd7 Rxc1 27. Rxc1 Qxd7 28.
e3 Nf5 29. Bc6 Qe7 30. Bxe8 Qxe8 31. Rc5 1-0

[Event "Online Olym Top DivC 2020"]
[Site "chess.com INT"]
[Date "2020.08.22"]
[Round "5.2"]
[Board "2"]
[White "Zrikem, Nassim"]
[Black "Artemiev, Vladislav"]
[Result "0-1"]
[WhiteTitle "FM"]
[BlackTitle "GM"]
[WhiteElo "1942"]
[BlackElo "2716"]
[WhiteTeam "Morocco"]
[BlackTeam "Russia"]
[WhiteFideId "9002693"]
[BlackFideId "24101605"]
[EventDate "2020.08.21"]
[EventType "team"]

1. d4 Nf6 2. Nf3 g6 3. Bg5 Bg7 4. Nbd2 c5 5. dxc5 Na6 6. e4 Nxc5 7. e5 Ng4 8.
Nc4 Ne6 9. Qd5 Nxg5 10. Nxg5 O-O 11. Be2 e6 12. Qd4 Nxe5 13. Nxe5 Qxg5 14. f4
Qxg2 15. Rg1 Qxh2 16. Kd2 d6 17. Nf3 Bxd4 18. Nxh2 Bxg1 0-1

[Event "Online Olym Top DivC 2020"]
[Site "chess.com INT"]
[Date "2020.08.22"]
[Round "5.2"]
[Board "4"]
[White "Mayar ElIdrissi, Firdaous"]
[Black "Gunina, Valentina"]
[Result "0-1"]
[BlackTitle "GM"]
[WhiteElo "1760"]
[BlackElo "2431"]
[WhiteTeam "Morocco"]
[BlackTeam "Russia"]
[WhiteFideId "9001727"]
[BlackFideId "4167570"]
[EventDate "2020.08.21"]
[EventType "team"]

1. d4 Nf6 2. Bf4 e6 3. e3 c5 4. c3 Nc6 5. Nf3 Be7 6. Bd3 Nh5 7. Bg3 Nxg3 8. hxg3
h6 9. Nbd2 b6 10. Ne5 Nxe5 11. dxe5 Qc7 12. f4 Bb7 13. Ne4 O-O-O 14. Qa4 Kb8 15.
Ba6 Qc6 16. Qxc6 Bxc6 17. Bd3 f5 18. exf6 gxf6 19. Kf2 d5 20. Nd2 e5 21. Bf5 c4
22. Nf3 Bd6 23. Rh2 Rde8 24. Rah1 Bf8 25. Rh5 Rg8 26. Bb1 b5 27. Bh7 Rg7 28. Bb1
Rge7 29. Bg6 Rd8 30. Rf5 Bg7 31. Rd1 Kc7 32. Rh5 a5 33. a3 b4 34. Rhh1 Rb8 35.
axb4 axb4 36. cxb4 Rxb4 37. Rd2 Bf8 38. Nh4 Rd7 39. Nf5 Bc5 40. Rhd1 Rb3 41. g4
exf4 42. Re1 fxe3+ 43. Nxe3 Bb4 44. Nxc4 dxc4 45. Rxd7+ Bxd7 46. Re2 Bc5+ 0-1

[Event "Online Olym Top DivC 2020"]
[Site "chess.com INT"]
[Date "2020.08.22"]
[Round "5.2"]
[Board "5"]
[White "Esipenko, Andrey"]
[Black "Hadj Kholti, Yasser"]
[Result "1-0"]
[WhiteTitle "GM"]
[WhiteElo "2682"]
[BlackElo "1871"]
[WhiteTeam "Russia"]
[BlackTeam "Morocco"]
[WhiteFideId "24175439"]
[BlackFideId "9003258"]
[EventDate "2020.08.21"]
[EventType "team"]

1. c4 Nf6 2. Nc3 e6 3. e4 d5 4. cxd5 exd5 5. e5 d4 6. exf6 dxc3 7. Nf3 Qxf6 8.
dxc3 Bd6 9. Bg5 Qg6 10. Bd3 Bf5 11. Qe2+ Kf8 12. Bxf5 Qxf5 13. O-O Nc6 14. Rfe1
h6 15. Bh4 g5 16. Bg3 Bxg3 17. hxg3 Kg7 18. b4 a6 19. a4 Rhd8 20. b5 axb5 21.
axb5 Re8 22. Qb2 Rxa1 23. Rxa1 Ne5 24. Nd4 Qd3 25. Qb3 Ng4 26. Rf1 Qd2 27. Nf5+
Kf6 28. Ne3 Nxe3 29. fxe3+ Ke5 30. Qxf7 Qxe3+ 31. Kh2 Kd6 32. Rd1+ Kc5 33. Qxc7+
Kxb5 34. Rb1+ 1-0